000
00323nam a2200133Ia 4500
005
20260328101518.0
008
260328s9999||||xx |||||||||||||| ||und||
100
_a
Philippi, Arlindo
245
0
_a
Curso de gestao Ambiental /
_c
Arlindo Philippi
260
_b
Manole
300
_a
1045 p.
650
_a
ECOLOGÍA
942
_c
BK
999
_c
9475
_d
9475